Statistics for Russian Language - Grammatical Cases

Click here to take the quiz!

General Stats

  • This quiz has been taken 199 times
  • The average score is 5 of 6

Answer Stats

Answer% Correct
Accusative
89%
Dative
89%
Nominative
89%
Genitive
88%
Instrumental
69%
Prepositional
54%

Score Distribution

Percentile by Number Answered

Percent of People with Each Score

Your Score History

You have not taken this quiz